| 000 | 00600cam a22002173a 4500 | ||
|---|---|---|---|
| 001 | 17365 | ||
| 003 | PGUSA | ||
| 005 | 20140828083354.0 | ||
| 008 | 051221s2005||||xxu|||||s|||||000 | eng d | ||
| 040 |
_aPGUSA _beng |
||
| 042 | _adc | ||
| 050 | 4 | _aPZ | |
| 245 | 1 | 0 |
_aChild's Book of Water Birds _h[electronic resource] / _cAnonymous |
| 260 |
_bProject Gutenberg, _c2005 |
||
| 506 | _aPublic domain in the USA. | ||
| 516 | _aElectronic text | ||
| 653 | _aWater birds -- Juvenile literature | ||
| 830 | 0 |
_aProject Gutenberg _v17365 |
|
| 856 | 4 | 0 | _uhttp://www.gutenberg.org/ebooks/17365 |
| 942 | _cEB | ||
| 999 |
_c246620 _d246620 |
||